000 00308nam a22001337a 4500
008 180910b xxu||||| |||| 00| 0 eng d
020 _a9781568029979
041 _aeng
080 _a321
100 _a14
101 _aSHP
245 _aThe Essentials of Political Analysis
_cPollock, P.H
942 _2udc
_cBK
999 _c47639
_d47639